LEADER 01064nam0-22003371i-450- 001 990000367120403321 005 20080303152019.0 010 $a0-387-90819-6 035 $a000036712 035 $aFED01000036712 035 $a(Aleph)000036712FED01 035 $a000036712 100 $a20020821d1990----km-y0itay50------ba 101 0 $aeng 102 $aUS 105 $ay-------001yy 200 1 $aNonlinear oscillations, dynamical systems, and bifurcations of vector fields$f(by) John Guckenheimer, Philip Holmes 205 $a3rd ed. revised and corrected 210 $aNew York$cSpringer Verlag$dc1990 215 $aXVI,459 p.$cill$d24 cn 225 1 $aApplied mathematical sciences$v42 676 $a531.322 700 1$aGuckenheimer,$bJohn$021351 701 1$aHolmes,$bPhilip$018305 801 0$aIT$bUNINA$gRICA$2UNIMARC 901 $aBK 912 $a990000367120403321 952 $a04 012-97$bDIC 1463$fDINCH 959 $aDINCH 996 $aNonlinear oscillations, dynamical systems, and bifurcations of vector fields$9126701 997 $aUNINA